[Event "Bayern-chI Bank Hofmann 23rd"]
[Site "Tegernsee"]
[Date "2019.11.01"]
[Round "7"]
[White "Hoffmann, Michael"]
[Black "Boehnke, Martin"]
[Result "1-0"]
[WhiteElo "2445"]
[BlackElo "2208"]
[PlyCount "157"]
[EventDate "2019.10.26"]
[EventType "swiss"]
[EventRounds "9"]
[EventCountry "GER"]
[SourceTitle "CBM 192 Extra"]
[Source "Chessbase"]
[SourceDate "2019.11.06"]
[SourceVersion "1"]
[SourceVersionDate "2019.11.06"]
[SourceQuality "1"]

1. c4 c6 2. e4 d5 3. exd5 cxd5 4. cxd5 Qxd5 5. Nc3 Qd6 6. d4 Nf6 7. Nf3 e6 8. Be2 Be7 9. 0-0 Nc6 10. Nb5 Qd8 11. Bf4 0-0 12. Bc7 Qe8 13. Bg3 Qd8 14. Rc1 Bd7 15. Bc7 Qc8 16. Bg3 Qd8 17. a3 a6 18. Nd6 Bc8 19. Nc4 b5 20. Nce5 Nxe5 21. Nxe5 Bb7 22. Nc6 Bxc6 23. Rxc6 Nd5 24. Bf3 Qd7 25. Qc2 Bf6 26. Be5 Bxe5 27. dxe5 Rac8 28. Bxd5 exd5 29. Rc1 Rce8 30. Rd6 Qb7 31. Qf5 Re7 32. h3 Rfe8 33. f4 g6 34. Qd3 Qa7+ 35. Kh2 Qf2 36. Rf1 Qxb2 37. Rxa6 b4 38. axb4 Qxb4 39. Qxd5 Rc7 40. Rf3 Qe1 41. Rf6 Ree7 42. Rb3 Kg7 43. Rc6 Rcd7 44. Rd6 Ra7 45. Qd2 Qf1 46. Rf3 Qa1 47. Rd8 Qa5 48. Qd6 Qa6 49. Qb8 f5 50. Rg8+ Kh6 51. Qf8+ Rg7 52. Rxg7 Rxg7 53. Qd8 Rf7 54. Rd3 Qc6 55. Rd6 Qc7 56. Qg5+ Kg7 57. Rf6 Qe7 58. Rxf7+ Qxf7 59. Qd8 Qe6 60. Kg3 h6 61. Qc7+ Kg8 62. Kh4 Qa2 63. Qd8+ Kh7 64. Qe7+ Kg8 65. Kg3 Qb3+ 66. Kh2 Qc4 67. Qe8+ Kg7 68. Qd7+ Kg8 69. Qd2 Kf7 70. g4 fxg4 71. hxg4 Ke8 72. Kg3 Qe4 73. Qc3 Kd7 74. Qf3 Qe1+ 75. Kg2 Qd2+ 76. Kh3 Qc2 77. f5 Ke7 78. f6+ Kf7 79. e6+ 1-0

[Event "Bayern-chI Bank Hofmann 23rd"]
[Site "Tegernsee"]
[Date "2019.10.28"]
[Round "3"]
[White "Vogel, Roven"]
[Black "Boehnke, Martin"]
[Result "1-0"]
[WhiteElo "2456"]
[BlackElo "2208"]
[PlyCount "73"]
[EventDate "2019.10.26"]
[EventType "swiss"]
[EventRounds "9"]
[EventCountry "GER"]
[SourceTitle "CBM 192 Extra"]
[Source "Chessbase"]
[SourceDate "2019.11.06"]
[SourceVersion "1"]
[SourceVersionDate "2019.11.06"]
[SourceQuality "1"]

1. Nf3 d5 2. g3 Nf6 3. Bg2 c6 4. 0-0 Bg4 5. c4 e6 6. b3 Be7 7. Bb2 0-0 8. d3 h6 9. Nbd2 a5 10. a3 Nbd7 11. Qc2 Bf5 12. Bc3 Qc7 13. Qb2 Bh7 14. b4 axb4 15. axb4 Rfe8 16. Rfe1 Bf8 17. Rxa8 Rxa8 18. e4 dxe4 19. dxe4 Ne8 20. Bf1 c5 21. b5 Nd6 22. e5 Nc8 23. Ra1 Rxa1 24. Qxa1 Be7 25. Ne1 f6 26. Bg2 Nxe5 27. Qa8 Nd7 28. Bxb7 Ndb6 29. Ba5 Nxa8 30. Bxc7 Nxc7 31. Bxc8 Kf7 32. b6 Ne8 33. b7 Bd6 34. Nb3 Bb8 35. Nxc5 Nd6 36. Bxe6+ Ke7 37. Bd5 1-0

[Event "NRW Class2 1819"]
[Site "Germany"]
[Date "2018.10.14"]
[Round "2.1"]
[White "Boehnke, Martin"]
[Black "Nasuta, Grzegorz"]
[Result "1/2-1/2"]
[WhiteElo "2163"]
[BlackElo "2503"]
[PlyCount "135"]
[EventDate "2018.09.16"]
[EventType "team-tourn"]
[EventRounds "9"]
[EventCountry "GER"]
[SourceTitle "EXT 2022"]
[Source "ChessBase"]
[SourceDate "2021.10.06"]
[SourceVersion "1"]
[SourceVersionDate "2021.10.06"]
[SourceQuality "1"]
[WhiteTeam "Sodingen/Castrop SK"]
[BlackTeam "Godesberg"]
[WhiteTeamCountry "GER"]
[BlackTeamCountry "GER"]

1. d4 d5 2. c4 e6 3. Nf3 c6 4. e3 Bd6 5. Bd3 f5 6. b3 Nf6 7. Bb2 0-0 8. Nbd2 Ne4 9. 0-0 Nd7 10. Ne5 Nxe5 11. dxe5 Be7 12. Nxe4 dxe4 13. Be2 Qc7 14. Qc2 c5 15. Rad1 Bd7 16. Rd2 Bc6 17. Bc3 a5 18. a4 Qc8 19. f3 exf3 20. Bxf3 Bxf3 21. gxf3 Qc6 22. Rdd1 b6 23. Qe2 Kf7 24. Rd3 Rad8 25. Rxd8 Rxd8 26. Rd1 Rg8 27. h3 Rd8 28. Rxd8 Bxd8 29. Qd1 Bg5 30. Kf2 Bh4+ 31. Ke2 Qc7 32. Qg1 Qd8 33. Qg2 Qg5 34. Qxg5 Bxg5 35. f4 Bh4 36. Kf3 g5 37. fxg5 Kg6 38. e4 fxe4+ 39. Kxe4 Kxg5 40. Bd2+ Kh5 41. Kf3 Be7 42. Be1 Bg5 43. Bg3 Bh4 44. Bf4 Be1 45. Ke2 Bb4 46. Bg3 Kg5 47. Ke3 Ba3 48. Ke4 Bb2 49. Bf2 Bc3 50. Bg3 Bd2 51. Bf2 Kh5 52. Kf3 Bc1 53. Bg3 Bg5 54. Be1 Kg6 55. Ke4 Bd8 56. Kf4 Kh5 57. Kf3 Bh4 58. Bd2 Kg6 59. Ke4 Bg3 60. Bc3 Kh5 61. Kf3 Kh4 62. Kg2 Bf4 63. Be1+ Kg5 64. Kf3 Bxe5 65. Ke4 Bc7 66. Bf2 Bd6 67. Be1 Bb8 68. Bf2 1/2-1/2

[Event "NRW Class2 1516"]
[Site "Germany"]
[Date "2016.01.10"]
[Round "5.6"]
[White "Pieper Emden, Carsten"]
[Black "Boehnke, Martin"]
[Result "1/2-1/2"]
[WhiteElo "2170"]
[BlackElo "2111"]
[PlyCount "37"]
[EventDate "2015.09.27"]
[EventType "team-tourn"]
[EventRounds "9"]
[EventCountry "GER"]
[SourceTitle "EXT 2017"]
[Source "ChessBase"]
[SourceDate "2016.10.25"]
[SourceVersion "1"]
[SourceVersionDate "2016.10.25"]
[SourceQuality "1"]
[WhiteTeam "Herford Koenigsspringer"]
[BlackTeam "Sodingen"]
[WhiteTeamCountry "GER"]
[BlackTeamCountry "GER"]

1. c4 c6 2. d4 d5 3. cxd5 cxd5 4. Nc3 Nf6 5. Nf3 Nc6 6. Bf4 Bf5 7. e3 e6 8. Qb3 Qb6 9. Qxb6 axb6 10. Nh4 Bg6 11. Nxg6 hxg6 12. Be2 Kd7 13. 0-0 Bd6 14. Bxd6 Kxd6 15. b3 Rhc8 16. Na4 Nd7 17. Rfc1 Na7 18. b4 g5 19. h3 1/2-1/2

[Event "NRW Class2 1516"]
[Site "Germany"]
[Date "2015.12.20"]
[Round "4.6"]
[White "Boehnke, Martin"]
[Black "Seegers, Hendrik"]
[Result "0-1"]
[WhiteElo "2111"]
[BlackElo "2130"]
[PlyCount "56"]
[EventDate "2015.09.27"]
[EventType "team-tourn"]
[EventRounds "9"]
[EventCountry "GER"]
[SourceTitle "EXT 2017"]
[Source "ChessBase"]
[SourceDate "2016.10.25"]
[SourceVersion "1"]
[SourceVersionDate "2016.10.25"]
[SourceQuality "1"]
[WhiteTeam "Sodingen"]
[BlackTeam "Neuenkirchen"]
[WhiteTeamCountry "GER"]
[BlackTeamCountry "GER"]

1. e4 d5 2. exd5 Nf6 3. d4 Nxd5 4. c4 Nb6 5. Nf3 Bg4 6. c5 Nd5 7. Qb3 Bxf3 8. Qxb7 Nd7 9. gxf3 e6 10. Bb5 Rb8 11. Bxd7+ Kxd7 12. Qxa7 Ra8 13. Qb7 Rb8 14. Qa6 Qf6 15. Qa4+ Kd8 16. Nd2 Rb4 17. Qa8+ Ke7 18. Nb3 Qxf3 19. Rg1 g6 20. Bg5+ f6 21. Be3 Bg7 22. Qc6 Rhb8 23. Rg3 Qh1+ 24. Kd2 Qxh2 25. Rf3 Rxb3 26. axb3 Rxb3 27. Ra8 Rxb2+ 28. Kc1 Rc2+ 0-1

[Event "NRW Class2 1516"]
[Site "Germany"]
[Date "2015.10.25"]
[Round "2.4"]
[White "Schroeder, Kevin"]
[Black "Boehnke, Martin"]
[Result "0-1"]
[WhiteElo "2217"]
[BlackElo "2111"]
[PlyCount "142"]
[EventDate "2015.09.27"]
[EventType "team-tourn"]
[EventRounds "9"]
[EventCountry "GER"]
[SourceTitle "EXT 2017"]
[Source "ChessBase"]
[SourceDate "2016.10.25"]
[SourceVersion "1"]
[SourceVersionDate "2016.10.25"]
[SourceQuality "1"]
[WhiteTeam "Dortmund Hansa II"]
[BlackTeam "Sodingen"]
[WhiteTeamCountry "GER"]
[BlackTeamCountry "GER"]

1. e4 c5 2. Nf3 d6 3. c3 Nf6 4. Be2 Nc6 5. Qc2 e6 6. d4 Be7 7. 0-0 0-0 8. Rd1 cxd4 9. cxd4 d5 10. e5 Ne4 11. Nc3 f5 12. exf6 Nxf6 13. Bg5 Bd7 14. Bd3 Nb4 15. Qe2 Nh5 16. Ne5 Nf4 17. Bxf4 Rxf4 18. a3 Nxd3 19. Rxd3 Bd6 20. Re1 Rf6 21. Qg4 Be8 22. Rf3 Rh6 23. Rh3 Qf6 24. f4 Rd8 25. Rf3 Bh5 26. Qg3 Bxf3 27. Qxf3 Qh4 28. Qg3 Qxg3 29. hxg3 Rf6 30. Kf2 Rff8 31. Nf3 Rf6 32. Ke3 Rc8 33. Kd3 h6 34. Re3 a6 35. Nd2 g5 36. f5 Rxf5 37. Rxe6 Bxg3 38. Rxh6 Rc6 39. Rh3 Be1 40. g4 Rf2 41. Nf3 Bxc3 42. bxc3 Kg7 43. Ne5 Rh6 44. Rg3 Rhh2 45. Nf3 Rhg2 46. Rxg2 Rxg2 47. Nxg5 Rxg4 48. Ne6+ Kf6 49. Nc5 Rg7 50. a4 a5 51. Kc2 b6 52. Nd3 Ke6 53. Kb3 Rg3 54. Ne5 Re3 55. Nc6 Kd6 56. Na7 Re1 57. Nb5+ Kc6 58. Kb2 Kd7 59. Ka2 Re6 60. Kb2 Rc6 61. Kb3 Ke6 62. Na7 Rc4 63. Nb5 Kf6 64. Na3 Rc8 65. Nb5 Kg5 66. Na7 Rc4 67. Nb5 Kf4 68. Na3 Rc6 69. Kc2 Ke3 70. Kb2 Kd3 71. Nb1 Rc8 0-1

[Event "NRW Class2 1415"]
[Site "Germany"]
[Date "2015.01.11"]
[Round "5.3"]
[White "Boehnke, Martin"]
[Black "Plassmann, Dominik"]
[Result "1/2-1/2"]
[WhiteElo "2097"]
[BlackElo "2003"]
[PlyCount "59"]
[EventDate "2014.09.14"]
[EventType "team-tourn"]
[EventRounds "9"]
[EventCountry "GER"]
[SourceTitle "EXT 2017"]
[Source "ChessBase"]
[SourceDate "2016.10.25"]
[SourceVersion "1"]
[SourceVersionDate "2016.10.25"]
[SourceQuality "1"]
[WhiteTeam "Castrop Rauxel"]
[BlackTeam "Guetersloh"]
[WhiteTeamCountry "GER"]
[BlackTeamCountry "GER"]

1. d4 e6 2. Nf3 c5 3. g3 Nf6 4. Bg2 a6 5. 0-0 Qc7 6. Bf4 d6 7. dxc5 Qxc5 8. Nbd2 Be7 9. Nb3 Qc7 10. c4 Nbd7 11. Rc1 b6 12. Ng5 Rb8 13. Qd2 0-0 14. Rfd1 h6 15. Nf3 e5 16. Be3 Ng4 17. h3 Nxe3 18. Qxe3 Bb7 19. Nbd2 f5 20. b4 Rbe8 21. Qb3 Kh7 22. Nb1 Nf6 23. Nc3 Rc8 24. Nd2 Bxg2 25. Kxg2 Qb7+ 26. Kh2 Rc7 27. Nd5 Nxd5 28. cxd5 Rxc1 29. Rxc1 Bg5 30. Rc2 1/2-1/2

[Event "NRW Class1 1213"]
[Site "Germany"]
[Date "2013.04.28"]
[Round "9.7"]
[White "Kalnik, Heinrich"]
[Black "Boehnke, Martin"]
[Result "0-1"]
[WhiteElo "1973"]
[BlackElo "2100"]
[PlyCount "62"]
[EventDate "2012.09.16"]
[EventType "team-tourn"]
[EventRounds "9"]
[EventCountry "GER"]
[SourceTitle "EXT 2017"]
[Source "ChessBase"]
[SourceDate "2016.10.25"]
[SourceVersion "1"]
[SourceVersionDate "2016.10.25"]
[SourceQuality "1"]
[WhiteTeam "Letmathe"]
[BlackTeam "Castrop Rauxel"]
[WhiteTeamCountry "GER"]
[BlackTeamCountry "GER"]

1. e4 c5 2. Nc3 Nc6 3. f4 g6 4. Nf3 Bg7 5. a3 d6 6. Bc4 e6 7. d3 Nge7 8. Qe2 0-0 9. h4 Nd4 10. Qf2 h5 11. Be3 d5 12. Ba2 Nxf3+ 13. Qxf3 d4 14. Bd2 dxc3 15. Bxc3 Bxc3+ 16. bxc3 Qa5 17. Kd2 Kg7 18. g4 hxg4 19. Qxg4 Bd7 20. h5 Rh8 21. Qg5 f6 22. Qg4 Qc7 23. Rag1 Rh6 24. e5 fxe5 25. Qg5 Nf5 26. Re1 Rah8 27. Rhg1 Qd8 28. Qg2 Bc6 29. Qf2 Qh4 30. Qxh4 Nxh4 31. Rg3 exf4 0-1

[Event "NRW Class1 0708"]
[Site "Germany"]
[Date "2007.10.14"]
[Round "2.5"]
[White "Coenen, Michael"]
[Black "Boehnke, Martin"]
[Result "1-0"]
[WhiteElo "2117"]
[BlackElo "2196"]
[PlyCount "63"]
[EventDate "2007.09.16"]
[EventType "team"]
[EventRounds "9"]
[EventCountry "GER"]
[SourceTitle "EXT 2009"]
[Source "ChessBase"]
[SourceDate "2008.11.26"]
[SourceVersion "1"]
[SourceVersionDate "2008.11.26"]
[SourceQuality "1"]
[WhiteTeam "Koeln Porz II"]
[BlackTeam "Castrop Rauxel"]
[WhiteTeamCountry "GER"]
[BlackTeamCountry "GER"]

1. e4 c5 2. Nf3 d6 3. d4 cxd4 4. Nxd4 Nf6 5. Nc3 a6 6. Be3 e6 7. g4 Be7 8. g5 Nfd7 9. h4 b5 10. a3 Bb7 11. Bh3 Nc5 12. f3 Nc6 13. b4 Na4 14. Nxa4 bxa4 15. c4 0-0 16. Rc1 Nxd4 17. Bxd4 Bc6 18. Qc2 Bd7 19. Rd1 Rc8 20. Qb2 f6 21. gxf6 Bxf6 22. Bxf6 Rxf6 23. Rxd6 Qe7 24. Qd4 Be8 25. c5 Bb5 26. Bg4 h5 27. Bxh5 Rh6 28. Qe5 Rf8 29. Bg4 Bc4 30. Rh2 Rxh4 31. Bxe6+ Kh8 32. Qh5+ 1-0

[Event "NRW Class2 0607"]
[Site "Germany"]
[Date "2006.11.26"]
[Round "3.5"]
[White "Lupor, Andre"]
[Black "Boehnke, Martin"]
[Result "1-0"]
[WhiteElo "2288"]
[BlackElo "2199"]
[PlyCount "79"]
[EventDate "2006.09.17"]
[EventType "team-tourn"]
[EventRounds "9"]
[EventCountry "GER"]
[SourceTitle "EXT 2008"]
[Source "ChessBase"]
[SourceDate "2007.11.25"]
[SourceVersion "1"]
[SourceVersionDate "2007.11.25"]
[SourceQuality "1"]
[WhiteTeam "Duesseldorf"]
[BlackTeam "Castrop Rauxel"]
[WhiteTeamCountry "GER"]
[BlackTeamCountry "GER"]

1. e4 c5 2. Nc3 Nc6 3. g3 g6 4. Bg2 Bg7 5. d3 d6 6. Be3 e5 7. Qd2 Be6 8. f4 Nd4 9. Nf3 Ne7 10. 0-0 0-0 11. Rf2 exf4 12. Bxf4 Nxf3+ 13. Bxf3 d5 14. exd5 Nxd5 15. Bxd5 Bxd5 16. Bh6 Bc6 17. Bxg7 Kxg7 18. Qf4 Qe7 19. Re2 Qf6 20. Qxf6+ Kxf6 21. Ne4+ Bxe4 22. Rxe4 Rae8 23. Rf1+ Kg7 24. Rfe1 Rxe4 25. Rxe4 Kf6 26. Kf2 Rd8 27. Ke3 Rd5 28. c4 Rd6 29. d4 cxd4+ 30. Rxd4 Rb6 31. Rd2 Re6+ 32. Kf3 Rb6 33. Ke4 Ke6 34. g4 f5+ 35. gxf5+ gxf5+ 36. Kf4 Kf6 37. b3 Re6 38. Rd7 Re4+ 39. Kf3 Rh4 40. Kg3 1-0

[Event "NRW Class1 0506"]
[Site "Germany"]
[Date "2006.04.02"]
[Round "8.6"]
[White "Boehnke, Martin"]
[Black "Lotzien, Hans"]
[Result "1/2-1/2"]
[WhiteElo "2206"]
[BlackElo "2182"]
[PlyCount "38"]
[EventDate "2005.09.25"]
[EventType "team"]
[EventRounds "9"]
[EventCountry "GER"]
[SourceTitle "EXT 2006"]
[Source "ChessBase"]
[SourceDate "2005.11.24"]
[SourceVersion "1"]
[SourceVersionDate "2005.11.24"]
[SourceQuality "1"]
[WhiteTeam "Castrop Rauxel"]
[BlackTeam "Godesberg II"]
[WhiteTeamCountry "GER"]
[BlackTeamCountry "GER"]

1. d4 d5 2. c4 dxc4 3. Nf3 c6 4. e3 Be6 5. a4 Nf6 6. Na3 Nbd7 7. Nxc4 Bxc4 8. Bxc4 e6 9. 0-0 Bb4 10. Qe2 Qa5 11. e4 e5 12. Bg5 Be7 13. b4 Qc7 14. b5 c5 15. dxe5 Nxe5 16. Nxe5 Qxe5 17. f4 Qxe4 18. Qa2 0-0 19. Rae1 Qd4+ 1/2-1/2

[Event "NRW Class1 0506"]
[Site "Germany"]
[Date "2005.11.06"]
[Round "3.6"]
[White "Boehnke, Martin"]
[Black "Schulz, Hartmut"]
[Result "0-1"]
[WhiteElo "2206"]
[BlackElo "2071"]
[PlyCount "54"]
[EventDate "2005.09.25"]
[EventType "team"]
[EventRounds "9"]
[EventCountry "GER"]
[SourceTitle "EXT 2006"]
[Source "ChessBase"]
[SourceDate "2005.11.24"]
[SourceVersion "1"]
[SourceVersionDate "2005.11.24"]
[SourceQuality "1"]
[WhiteTeam "Castrop Rauxel"]
[BlackTeam "Brackel"]
[WhiteTeamCountry "GER"]
[BlackTeamCountry "GER"]

1. e4 c6 2. d4 d5 3. Nc3 dxe4 4. Nxe4 Bf5 5. Ng3 Bg6 6. h4 h6 7. Nf3 Nf6 8. Ne5 Bh7 9. Bc4 e6 10. Qe2 Nd5 11. Bb3 Nd7 12. Bd2 Nxe5 13. dxe5 Qc7 14. 0-0-0 0-0-0 15. f4 Kb8 16. a3 c5 17. Rhf1 Be7 18. h5 Nb6 19. Ba5 Qc6 20. Rxd8+ Rxd8 21. c4 Bd3 22. Qf2 Bxf1 23. Qxf1 Bh4 24. Ne2 Qe4 25. Ng1 Qe3+ 26. Kc2 Bf2 27. Nf3 Qe4+ 0-1

[Event "NRW Class2 0405"]
[Site "Germany"]
[Date "2004.10.10"]
[Round "1.6"]
[White "Boehnke, Martin"]
[Black "Weber, Franz Josef"]
[Result "0-1"]
[WhiteElo "2209"]
[BlackElo "2096"]
[PlyCount "66"]
[EventDate "2004.10.10"]
[EventType "team"]
[EventRounds "9"]
[EventCountry "GER"]
[SourceTitle "EXT 2006"]
[Source "ChessBase"]
[SourceDate "2005.11.24"]
[SourceVersion "1"]
[SourceVersionDate "2005.11.24"]
[SourceQuality "1"]
[WhiteTeam "Castrop Rauxel"]
[BlackTeam "Monheim"]
[WhiteTeamCountry "GER"]
[BlackTeamCountry "GER"]

1. d4 Nf6 2. c4 c5 3. d5 e6 4. Nc3 exd5 5. cxd5 d6 6. e4 g6 7. Nf3 Bg7 8. Be2 0-0 9. 0-0 Re8 10. Nd2 a6 11. a4 Nbd7 12. Qc2 Ne5 13. h3 g5 14. Nf3 Nxf3+ 15. Bxf3 g4 16. hxg4 Bxg4 17. Qe2 Qd7 18. a5 Rab8 19. Bf4 Bxf3 20. Qxf3 b5 21. axb6 Rxb6 22. Ra2 Ng4 23. Qe2 Reb8 24. Na4 Rb4 25. Qxa6 Ne5 26. Nc3 Qg4 27. Bg3 R4b6 28. Qa4 h5 29. Qc2 h4 30. Bxe5 Bxe5 31. Qd2 h3 32. f4 Bd4+ 33. Kh2 hxg2 0-1

[Event "Oberliga NRW 0304"]
[Site "Germany"]
[Date "2004.03.28"]
[Round "8.7"]
[White "Boehnke, Martin"]
[Black "Lamby, Philipp"]
[Result "0-1"]
[WhiteElo "2225"]
[BlackElo "2205"]
[PlyCount "82"]
[EventDate "2003.09.28"]
[EventType "team-tourn"]
[EventRounds "9"]
[EventCountry "GER"]
[SourceTitle "CBM 098 Extra"]
[Source "ChessBase"]
[SourceDate "2004.03.10"]
[SourceVersion "2"]
[SourceVersionDate "2004.03.10"]
[SourceQuality "1"]
[WhiteTeam "Castrop Rauxel"]
[BlackTeam "Aachen"]
[WhiteTeamCountry "GER"]
[BlackTeamCountry "GER"]

1. d4 Nf6 2. c4 e6 3. Nf3 d5 4. Nc3 dxc4 5. e3 c5 6. Bxc4 a6 7. a4 Nc6 8. 0-0 cxd4 9. exd4 Be7 10. Be3 Nb4 11. Ne5 0-0 12. Qe2 Qa5 13. Bg5 h6 14. Bh4 Re8 15. Rfd1 Nbd5 16. Qf3 Nxc3 17. bxc3 Qc7 18. Rab1 Rb8 19. Bd3 b6 20. Qc6 Qd8 21. Bg3 Nd5 22. Nxf7 Kxf7 23. Bxb8 Bd7 24. Qb7 Bxa4 25. Rdc1 Qxb8 26. Qxa6 Qa8 27. Qxa8 Rxa8 28. g3 Rc8 29. c4 Nb4 30. Be2 Nc2 31. d5 Nd4 32. dxe6+ Kf6 33. Kf1 Nxe2 34. Kxe2 Bc5 35. Re1 Kxe6 36. f4 Kf6 37. g4 Bc2 38. Rbc1 Be4 39. Kf1 Bd3+ 40. Kg2 Rd8 41. Kg3 Rd4 0-1

[Event "Oberliga NRW 0304"]
[Site "Germany"]
[Date "2003.11.09"]
[Round "3.7"]
[White "Kocur, Alois"]
[Black "Boehnke, Martin"]
[Result "1-0"]
[WhiteElo "2287"]
[BlackElo "2225"]
[PlyCount "57"]
[EventDate "2003.09.28"]
[EventType "team-tourn"]
[EventRounds "9"]
[EventCountry "GER"]
[SourceTitle "CBM 098 Extra"]
[Source "ChessBase"]
[SourceDate "2004.03.10"]
[SourceVersion "2"]
[SourceVersionDate "2004.03.10"]
[SourceQuality "1"]
[WhiteTeam "Solingen II"]
[BlackTeam "Castrop Rauxel"]
[WhiteTeamCountry "GER"]
[BlackTeamCountry "GER"]

1. e4 c5 2. Nf3 d6 3. d4 cxd4 4. Nxd4 Nf6 5. Nc3 a6 6. a4 e5 7. Nb3 Be6 8. Be2 Be7 9. 0-0 0-0 10. f4 exf4 11. Bxf4 Nc6 12. Kh1 Ne5 13. Nd4 Nfd7 14. Nxe6 fxe6 15. Bg4 Nxg4 16. Qxg4 Rf6 17. Rad1 Rg6 18. Qh3 e5 19. Be3 Bf8 20. Nd5 Rc8 21. Rd2 Rc4 22. Rdf2 Rc8 23. Nb6 Nxb6 24. Bxb6 Qe8 25. Rxf8+ Qxf8 26. Rxf8+ Rxf8 27. Qb3+ Rf7 28. h3 Rgf6 29. Bc7 1-0